000 00804nas a2200253 4500
001 BR7700100
003 BR-BrBNA
005 20231205083031.0
007 ta
008 230509b bl.|||p| |||| 00| 00por d
040 _aBR-BrBNA
_bpor
_cBiblioteca Nacional de Agricultura
041 _a(Pt)
072 _aF10
100 1 _aValente, O.F.
100 1 _aLoureiro, B.T.
100 1 _aOliveira, L.M. de
100 1 _aSilva, T.C.A. da
245 1 _aIntensidades e uniformidades de distribuicao de precipitacoes produzidas por um simulador de chuvas rotativo [Brasil]
650 _aCHUVA ARTIFICIAL
650 _aSIMULADOR ROTATIVO
773 0 _tRevista Ceres (Brazil)
_xISSN 0034-737X
_g(Jan 1976), v. 23(125) p. 56-70
_wBR7700100
909 _a202311
_bLúcia
_c55
_dLúcia Elande
942 _2AGRIS
_n0
_cANA
999 _c95919
_d95919